Địa chí văn hóa thành phố Hồ Chí Minh Tập II Văn học - báo chí - giáo dục

Sách không trình bày toàn bộ lịch sử văn học của thành phố mà chỉ nhằm nêu lên một số đặc điểm, một số vấn đề của nền văn học ấy, xem như là bộ phận khăng khít của văn học dân tộc Việt Nam....

Szczegółowa specyfikacja

Zapisane w:
Opis bibliograficzny
1. autor: Trần Văn Giàu (Chủ biên)
Kolejni autorzy: Trần Bạch Đằng (chủ biên)
Format: Książka
Język:Vietnamese
Wydane: Tp Hồ Chí Minh Tổng hợp Tp Hồ Chí Minh 2018
Hasła przedmiotowe:
Etykiety: Dodaj etykietę
Nie ma etykietki, Dołącz pierwszą etykiete!
Thư viện lưu trữ: Thư viện Trường Đại học Nam Cần Thơ
LEADER 01444nam a22002177a 4500
001 NCT_72911
008 191216b xxu||||| |||| 00| 0 vie d
999 |c 3552  |d 3552 
020 |a  9786045881071  |c 388500 
082 0 4 |2 23rd ed.  |a 959.779  |b Gi111/T.2 
100 1 |a Trần Văn Giàu  |e Chủ biên 
245 1 0 |a Địa chí văn hóa thành phố Hồ Chí Minh  |c Trần Văn Giàu, Trần Bạch Đằng (chủ biên)  |n Tập II   |p Văn học - báo chí - giáo dục 
260 |a Tp Hồ Chí Minh  |b Tổng hợp Tp Hồ Chí Minh  |c 2018 
300 |a 872 tr.  |b minh họa  |c 27cm 
520 3 |a Sách không trình bày toàn bộ lịch sử văn học của thành phố mà chỉ nhằm nêu lên một số đặc điểm, một số vấn đề của nền văn học ấy, xem như là bộ phận khăng khít của văn học dân tộc Việt Nam. 
653 |a Kinh tế chính trị 
700 1 |a Trần Bạch Đằng  |e chủ biên 
942 |2 ddc  |c BK 
952 |0 0  |1 0  |2 ddc  |4 0  |6 959_779000000000000_GI111_T_2  |7 0  |9 18386  |a 000001  |b 000001  |d 2019-12-16  |o 959.779 Gi111/T.2  |p MD.16257  |r 2019-12-16  |v 388500.00  |w 2019-12-16  |y BK 
952 |0 0  |1 0  |2 ddc  |4 0  |6 959_779000000000000_GI111_T_2  |7 0  |9 18387  |a 000001  |b 000001  |d 2019-12-16  |o 959.779 Gi111/T.2  |p MD.16258  |r 2019-12-16  |v 388500.00  |w 2019-12-16  |y BK 
980 |a Thư viện Trường Đại học Nam Cần Thơ